Loading...
Fine Arts - Classical Music | 5 | 18.00 | 100% | 60% | 20% |
Fine Arts - Other Fine Arts | 4 | 22.50 | 100% | 100% | 25% |
Fine Arts - Painting & Sculpture | 6 | 21.67 | 100% | 100% | 17% |
History - American History | 4 | 20.00 | 100% | 100% | 0% |
History - European History | 7 | 17.14 | 100% | 57% | 14% |
History - Other History | 5 | 18.00 | 100% | 60% | 20% |
History - World History | 6 | 15.00 | 100% | 33% | 17% |
Literature - American Literature | 7 | 24.29 | 100% | 86% | 57% |
Literature - British Literature | 6 | 18.33 | 100% | 83% | 0% |
Literature - European Literature | 5 | 20.00 | 100% | 80% | 20% |
Literature - World Literature | 7 | 20.00 | 100% | 86% | 14% |
Mythology | 4 | 12.50 | 100% | 25% | 0% |
Other | 7 | 17.14 | 71% | 86% | 14% |
Philosophy | 3 | 20.00 | 100% | 100% | 0% |
Religion | 6 | 11.67 | 83% | 33% | 0% |
Science - Biology | 6 | 13.33 | 100% | 33% | 0% |
Science - Chemistry | 5 | 20.00 | 100% | 80% | 20% |
Science - Other Science | 5 | 18.00 | 100% | 60% | 20% |
Science - Physics | 4 | 20.00 | 100% | 75% | 25% |
Social Science | 8 | 11.25 | 88% | 25% | 0% |